000 02255cam a2200301 4500500
005 20260301001210.0
041 _afre
042 _adc
100 1 0 _aDrahi, Éric
_eauthor
700 1 0 _aLe Noc, Yves
_eauthor
700 1 0 _aBergua, Gérard
_eauthor
700 1 0 _aDumoulin, Marc
_eauthor
700 1 0 _aSteyer, Élisabeth
_eauthor
700 1 0 _aScali, Claude
_eauthor
245 0 0 _aL’exposome, une vision globale de la santé des populations. Quelles implications dans la pratique ?
260 _c2024.
500 _a50
520 _aThe concept of exposome is defined as encompassing all exposures undergone by an individual throughout his or her life, from conception, exposures not only chemical (pollution), but also environmental (climate, noise pollution), or even societal (work, transport, life in society) or behavioral… Not all social categories are equal when it comes to health problems. This recent concept thus has many implications in the fields of research, epidemiology, public health policies, to define real risk assessment and prevention policies. How can this concept be concretely integrated into healthcare practice?
520 _aLe concept d’exposome se définit comme englobant la totalité des expositions subies par un individu tout au long de sa vie, dès sa conception, expositions non seulement chimiques (pollution), mais aussi environnementales (climat, pollution sonore), voire sociétales (travail, transports, vie en société) ou comportementales… Toutes les catégories sociales ne sont pas égales face aux problèmes de santé. Ce concept récent a ainsi de nombreuses implications dans les domaines de la recherche, de l’épidémiologie, des politiques de santé publique, pour définir de vraies politiques d’évaluation des risques et de prévention. Comment concrètement intégrer ce concept dans la pratique de soins ?
690 _aexposome
690 _afacteurs de risques
690 _aprévention et contrôle
690 _aexposome
690 _aprevention and control
690 _arisk factors
786 0 _nMédecine | 20 | 9 | 2024-12-12 | p. 403-406 | 1777-2044
856 4 1 _uhttps://stm.cairn.info/revue-medecine-2024-9-page-403?lang=fr&redirect-ssocas=7080
999 _c1673386
_d1673386